| 000 | 00657nam a2200169 4500 | ||
|---|---|---|---|
| 001 | 108866 | ||
| 003 | ES-MaACL | ||
| 005 | 20230906184728.0 | ||
| 007 | t| | ||
| 008 | 061121s1925 sp r ||||1| spa d | ||
| 100 | 1 |
_aMontú, Ernesto. _982752 |
|
| 245 | 1 | 0 |
_aCómo funciona y cómo se construye una estación para la recepción y transmisión radio telegráfica telefónica _b: teoría y práctica, datos constructivos / _cErnesto Montú ; versión española de Luis Alvarez Valdés. |
| 260 |
_aMadrid : _b[s.n.], _c1925 ( _fTip. Artística) |
||
| 300 |
_a516 p. ; _c19 cm. |
||
| 700 | 1 |
_aAlvarez Valdés, Luis. _920987 |
|
| 852 |
_aES-MaACL _jF-198 _bR.5799 |
||
| 999 |
_c108866 _d108866 |
||